<?xml version="1.0" encoding="UTF-8"?>
<record
    xmlns:xsi="http://www.w3.org/2001/XMLSchema-instance"
    xsi:schemaLocation="http://www.loc.gov/MARC21/slim http://www.loc.gov/standards/marcxml/schema/MARC21slim.xsd"
    xmlns="http://www.loc.gov/MARC21/slim">

  <leader>00691nam a22001817a 4500</leader>
  <controlfield tag="003">OSt</controlfield>
  <controlfield tag="005">20140407115145.0</controlfield>
  <controlfield tag="008">101126t        xxu||||| |||| 00| 0 eng d</controlfield>
  <datafield tag="040" ind1=" " ind2=" ">
    <subfield code="c">VPM, Thane</subfield>
  </datafield>
  <datafield tag="100" ind1=" " ind2=" ">
    <subfield code="a">&#x938;&#x93E;&#x928;&#x947; &#x917;&#x941;&#x930;&#x942;&#x91C;&#x940;</subfield>
    <subfield code="9">17</subfield>
  </datafield>
  <datafield tag="245" ind1=" " ind2=" ">
    <subfield code="a">&#x92D;&#x93E;&#x930;&#x924;&#x940;&#x92F; &#x938;&#x902;&#x938;&#x94D;&#x915;&#x943;&#x924;&#x93F;</subfield>
  </datafield>
  <datafield tag="260" ind1=" " ind2=" ">
    <subfield code="a">&#x92A;&#x941;&#x923;&#x947; </subfield>
    <subfield code="b">&#x915;&#x949;&#x928;&#x94D;&#x91F;&#x93F;&#x928;&#x947;&#x928;&#x94D;&#x91F;&#x932;  &#x92A;&#x94D;&#x930;&#x915;&#x93E;&#x936;&#x928;</subfield>
    <subfield code="c">1937</subfield>
  </datafield>
  <datafield tag="300" ind1=" " ind2=" ">
    <subfield code="a">&#x968;&#x96B;&#x96F; &#x92A;&#x943;&#x937;&#x94D;&#x920;&#x947;</subfield>
  </datafield>
  <datafield tag="520" ind1=" " ind2=" ">
    <subfield code="a">&#x92D;&#x93E;&#x930;&#x924;&#x940;&#x92F; &#x938;&#x902;&#x938;&#x94D;&#x915;&#x943;&#x924;&#x93F;</subfield>
  </datafield>
  <datafield tag="653" ind1=" " ind2=" ">
    <subfield code="a">&#x92D;&#x93E;&#x930;&#x924;&#x940;&#x92F; &#x938;&#x902;&#x938;&#x94D;&#x915;&#x943;&#x924;&#x93F;</subfield>
  </datafield>
  <datafield tag="856" ind1=" " ind2=" ">
    <subfield code="u">http://dspace.vpmthane.org:8080/jspui/bitstream/123456789/3351/1/002bharatiya_sanskruti.pdf</subfield>
  </datafield>
  <datafield tag="942" ind1=" " ind2=" ">
    <subfield code="2">ddc</subfield>
    <subfield code="c">EBOOK</subfield>
  </datafield>
  <datafield tag="999" ind1=" " ind2=" ">
    <subfield code="c">827532</subfield>
    <subfield code="d">827529</subfield>
  </datafield>
  <datafield tag="952" ind1=" " ind2=" ">
    <subfield code="0">0</subfield>
    <subfield code="1">0</subfield>
    <subfield code="2">ddc</subfield>
    <subfield code="4">0</subfield>
    <subfield code="7">0</subfield>
    <subfield code="a">VPMDIGI</subfield>
    <subfield code="b">VPMDIGI</subfield>
    <subfield code="d">2010-11-26</subfield>
    <subfield code="l">0</subfield>
    <subfield code="o">010</subfield>
    <subfield code="p">VPMDIGI-010</subfield>
    <subfield code="r">2010-11-26 00:00:00</subfield>
    <subfield code="u">http://dspace.vpmthane.org:8080/jspui/bitstream/123456789/3351/1/002bharatiya_sanskruti.pdf</subfield>
    <subfield code="w">2010-11-26</subfield>
    <subfield code="y">EBOOK</subfield>
  </datafield>
</record>
